فقه المصلحة وتطبيقاته المعاصرة

Bibliographic Details
Main Author: حسان، حسين حامد (Author)
Format: Book
Language:Arabic
Published: Jeddah : al-Ma'ahad al-Islami lil-Buhuth wa al-Tadrib , 1993
Edition:الطبعة 1
Series:سلسلة محاضرات العلماء البارزين 3
Subjects:

MARC

LEADER 00000cam a2200000 7i4500
001 0000076413
005 20131124093000.0
008 111006s1993 ua ara
050 0 0 |a KBP452   |b .H37 1993 
090 0 0 |a KBP452   |b .H37 1993 
100 1 |a حسان، حسين حامد ,   |e author 
241 1 0 |a Fiqh al-muslihat wa tatbiqatuhu al-mu'asirah 
245 1 0 |a فقه المصلحة وتطبيقاته المعاصرة   |c د. حسين حامد حسان 
250 |a الطبعة 1 
260 |a Jeddah :   |b al-Ma'ahad al-Islami lil-Buhuth wa al-Tadrib ,   |c 1993 
300 |a 71 p. ;   |c 24 cm. 
490 1 |a سلسلة محاضرات العلماء البارزين   |v 3 
504 |a Includes bibliographical references 
650 0 |a Forensic evidence 
650 0 |a Jurisdiction (Islamic law)   |z Malaysia 
999 |a 1000143655   |b Book   |c OPEN SHELF (30 DAYS)   |e Gong Badak Campus